000 00284nam a2200145Ia 4500
100 _aBrown/Dan
650 _aFiction
942 _cBK
245 _aThe Lost symbol
260 _bCorgi books
_c2009
082 _bBRO
300 _a669
546 _aENGLISH
_cComputers
999 _c35310
_d35310